| 000 | 00456nam a2200169 a 4500 | ||
|---|---|---|---|
| 005 | 20140414132121.0 | ||
| 008 | 120822s19uu xx 00 eng d | ||
| 020 | _a0871081261 | ||
| 050 |
_aTR 372.55 _bL22 1964 |
||
| 100 | _aLambert, Carrol | ||
| 245 | _aWhat a child can do. | ||
| 260 |
_aBoulder, Colorado : _bPruett Publishing Company, _c1964. |
||
| 300 | _a48 | ||
| 650 | _aHandicrafts-children. | ||
| 700 | _aSandra Christensen | ||
| 999 |
_c115064 _d115064 |
||